Formulation development and evaluation of Silybum marianum tablets (Registro n. 337658)
[ somente texto ]
| 000 -LÍDER | |
|---|---|
| fixed length control field | 03488nab a2200313 i 4500 |
| 003 - CÓDIGO MARC DA AGÊNCIA CATALOGADORA | |
| Campo de controle | BR-BrBNA |
| 005 - DATA E HORA DA ÚLTIMA ATUALIZAÇÃO | |
| Campo de controle | 20250818121310.0 |
| 008 - CAMPO DE TAMANHO FIXO | |
| fixed length control field | 250818b2020 bl.ar|pooa||| 00| 0 eng | |
| 040 ## - FONTE DA CATALOGAÇÃO | |
| Agência catalogadora | BR-BrBNA |
| Idioma da catalogação | eng |
| 072 ## - CATEGORIA AGRIS | |
| Código AGRIS | F60 |
| 100 ## - ENTRADA PRINCIPAL - NOME PESSOAL | |
| Nome pessoal | Cianchino, Valeria Andrea |
| 100 ## - ENTRADA PRINCIPAL - NOME PESSOAL | |
| Nome pessoal | Favier, Laura Silvina |
| 100 ## - ENTRADA PRINCIPAL - NOME PESSOAL | |
| Nome pessoal | Ortega, Claudia Alicia |
| 100 ## - ENTRADA PRINCIPAL - NOME PESSOAL | |
| Nome pessoal | Peralta, Cecilia |
| 100 ## - ENTRADA PRINCIPAL - NOME PESSOAL | |
| Nome pessoal | Cifuente, Diego Alberto |
| 245 ## - TÍTULO PRINCIPAL | |
| Título principal | Formulation development and evaluation of Silybum marianum tablets |
| 500 ## - NOTA GERAL | |
| Nota geral | Publicação on-line; 30 ref.; 6 tables; 5 illus.; Summaries (En, Es) |
| 942 ## - ADDED ENTRY ELEMENTS (KOHA) | |
| Koha item type | Analítica |
| 520 ## - NOTA DE RESUMO | |
| Nota de conteúdo | <br/>Abstract <br/><br/>In popular medicine Silybum marianum is used as a hepatoprotective agent. Silymarin is the major constituent. The present work deals with the formulation and evaluation of S. marianum tablets from ethanolic extract by direct compression. The ethanolic extract was obtained from seeds by soxhlet extraction. Two pharmaceutical formulations were prepared using fluid extract as an active principle, and Aeroperl® 300 Pharma as a carrier. In order to improve flow ability and compressibility, co-processed excipients MicroceLac® 100 and FlowLac® 90 were employed. Pre-compression and post-compression parameters were evaluated according to USP 34-NF 29. Besides, silymarin was determined by NMR spectral data. Both formulations showed excellent rheological properties and the best biopharmaceutical parameters were observed in F2 (S. marianum ethanolic extract, aeroperl® 300 Pharma, flowLac® 90, glycolate starch and magnesium stearate) in terms of the friability (0.82 %) and the disintegration time (8.05 min). <br/><br/>Key words: direct compression, ethanolic extract, herbal tablets, quality controls, Silybum marianum. <br/><br/> <br/><br/> <br/><br/>Resumen <br/><br/>En medicina popular, Silybum marianum se usa como agente hepatoprotector. La silimarina es su componente principal. El presente trabajo trata de la formulación y evaluación de tabletas de S. marianum a partir de extracto etanólico por compresión directa. El extracto etanólico se obtuvo de las semillas mediante extracción con soxhlet. Se prepararon dos formulaciones farmacéuticas usando extracto fluido como principio activo y Aeroperl® 300 Pharma como vehículo. Para mejorar la capacidad de flujo y la compresibilidad, se emplearon excipientes coprocesados MicroceLac® 100 y FlowLac® 90. Los parámetros de precompresión y postcompresión se evaluaron de acuerdo con USP 34-NF 29. Además, la silimarina se determinó mediante datos espectrales de RMN. Ambas formulaciones mostraron excelentes propiedades reológicas y los mejores parámetros biofarmacéuticos se observaron en F2 (S. marianum ethanolic extract, aeroperl® 300 Pharma, flowLac® 90, glicolado de almidón y estearato de magnesio) en términos de friabilidad (0,82%) y el tiempo de desintegración (8,05 min). <br/><br/>Palabras clave: compresión directa, extracto etanólico, comprimidos herbarios, controles de calidad, Silybum marianum. |
| 650 ## - ASSUNTO - THESAGRO | |
| Cabeçalho tópico ou nome geográfico | EXTRATO VEGETAL |
| 650 ## - ASSUNTO - THESAGRO | |
| Cabeçalho tópico ou nome geográfico | CONTROLE DE QUALIDADE |
| 650 ## - ASSUNTO - THESAGRO | |
| Cabeçalho tópico ou nome geográfico | FARMACOLOGIA |
| 650 ## - ASSUNTO - THESAGRO | |
| Cabeçalho tópico ou nome geográfico | FARMÁCIA |
| 650 ## - ASSUNTO - THESAGRO | |
| Cabeçalho tópico ou nome geográfico | MEDICAMENTO |
| 650 ## - ASSUNTO - THESAGRO | |
| Cabeçalho tópico ou nome geográfico | FITOTERAPIA |
| 773 0# - ENTRADA ANALÍTICA | |
| Host Biblionumber | 709 |
| Registro do item | 353216 |
| Imprenta | Rio de Janeiro-RJ Jardim Botanico do Rio de Janeiro 1935 |
| Outro identificador | 2025-4473 |
| Título | Rodriguésia (Brazil) |
| ISSN | 0370-6583; 2175-7860 on-line |
| Colação | v. 71 p. 1-9; (2020) |
| Número de controle de registro | BR2025001702 |
| 856 ## - ACESSO E ENDEREÇO ELETRÔNICO | |
| Identificador uniforme de recurso - URI | https://www.scielo.br/j/rod/a/7ZdmFRmQgzdMTfNzZkHW8fm/?format=pdf&lang=en |
Nenhum exemplar disponível.

BINAGRI